Epistemología social y pensamiento crítico : (Record no. 155593)

MARC details
000 -LEADER
fixed length control field 00750nam a22001937a 4500
005 - DATE AND TIME OF LATEST TRANSACTION
control field 20210426130006.0
008 - FIXED-LENGTH DATA ELEMENTS--GENERAL INFORMATION
fixed length control field 210426b mx ||||| |||| 00| 0 spa d
020 ## - INTERNATIONAL STANDARD BOOK NUMBER
International Standard Book Number 9786078332489
050 04 - LIBRARY OF CONGRESS CALL NUMBER
Classification number LB14 .7
Item number E59 2014
245 00 - TITLE STATEMENT
Title Epistemología social y pensamiento crítico :
Remainder of title pensar la educación de otra manera
Statement of responsibility, etc / Julieta Espinosa, André D. Robert (coordinadores).
250 ## - EDITION STATEMENT
Edition statement 1a ed.
260 ## - PUBLICATION, DISTRIBUTION, ETC. (IMPRINT)
Place of publication, distribution, etc Cuernavaca, Morelos, México :
Name of publisher, distributor, etc Universidad Autónoma del Estado de Morelos ;
Date of publication, distribution, etc 2014.
300 ## - PHYSICAL DESCRIPTION
Extent 328 p. :
Other physical details 21 cm.
490 0# - SERIES STATEMENT
Series statement Colección Ediciones Minimas. Educación ;
Volume number/sequential designation número 6
650 ## - SUBJECT ADDED ENTRY--TOPICAL TERM
Source of heading or term lemb
Topical term or geographic name as entry element Educación
General subdivision Filosofía
700 1# - ADDED ENTRY--PERSONAL NAME
Personal name Espinosa, Julieta,
Relator term editor.
700 1# - ADDED ENTRY--PERSONAL NAME
Personal name Robert, André D.,
Dates associated with a name editor.
942 ## - ADDED ENTRY ELEMENTS (KOHA)
Source of classification or shelving scheme Biblioteca del Cogreso de los Estados Unidos
Koha item type Libro
Holdings
Estado de pérdida Fuente de clasificación Estado del daño No para préstamo Ubicación permanente Ubicación actual Apartado o colección Fecha de adquisición Edición Dependencia de educación superior (DES) Área del conocimiento Clasificación Código de Barras Date last seen Número de copia Costo por reposición Tipo de recurso
  Biblioteca del Cogreso de los Estados Unidos     Biblioteca del Instituto de Investigaciones Históricas Biblioteca del Instituto de Investigaciones Históricas General 26/04/2021 1a ed. Humanidades Educación y Humanidades LB14.7 E59 2014 IIH000029108 26/04/2021 C:1 1.00 Libro
  Biblioteca del Cogreso de los Estados Unidos     Biblioteca del Instituto de Investigaciones Históricas Biblioteca del Instituto de Investigaciones Históricas General 22/11/2021 1a ed. Humanidades Educación y Humanidades LB14.7 E59 2014 IIH000031568 22/11/2021 C:2 1.00 Libro